000 00804nam a2200253 a 4500
001 74510
003 BD-RjUL
005 20211209082549.0
008 181010s1964 nyua b 000 0 eng
035 _a(BD-RjUL)74728
040 _aDLC
_cDLC
_dDLC
_dBD-RjUL
_beng
041 _aeng
082 0 0 _223
_a541.39
_bEDI 1965
100 1 _aEdwards, John O.
_9223548
245 1 0 _aInorganic reaction mechanisms :
_ban introduction /
_cJohn O. Edwards.
260 _aNew York,
_bW. A. Benjamin,
_cc1964, [printing 1965].
300 _axii, 190 p.:
_bill.;
_c24 cm.
490 0 _aThe Physical inorganic chemistry series
504 _aIncludes bibliographical references.
650 0 _aReaction mechanisms (Chemistry)
_9223549
650 0 _aChemical reactions
_9223550
942 _2ddc
_cBK
999 _c74510
_d74510